Wee Willie Winkie

Saved in:
書目詳細資料
主要作者: Kipling, Rudyard (Author)
格式: 圖書
語言:英语
出版: Londres Macmillan 1907
叢編:Macmillan Pocket Kipling
主題:
標簽: 添加標簽
沒有標簽, 成為第一個標記此記錄!

MARC

LEADER 00000nam a2200000 a 4500
001 UCQ3816
003 CL-VaPUC
008 980828e19070000UK |||||||||||||||||eng|d
082 0 4 |a 823  |b KIP  |2 21 
100 |a Kipling, Rudyard  |e author  |9 345267 
245 1 0 |a Wee Willie Winkie 
246 1 0 |a Under the deodars 
246 1 4 |a The phantom 'Rickshaw 
300 |a 372 p 
942 |c BK 
945 |d 19980828 00:00:00  |a crobeson 
260 |a Londres  |b Macmillan  |c 1907 
650 0 |a Cuentos ingleses  |9 265135 
650 0 |a Literatura inglesa  |9 312907 
583 |a last modification  |c 19980828 00:00:00  |k Rodrigo Vera 
490 0 |a Macmillan Pocket Kipling 
999 |c 274329  |d 274327 
952 |0 0  |1 0  |4 0  |6 823_000000000000000_KIP_1907  |7 0  |8 P  |9 310479  |a BIBEDU  |b BIBEDU  |d 2019-11-20  |i 1458582  |o 823 KIP 1907  |p 1458582  |r 2019-11-20  |w 2019-11-20  |y BK  |k LIT